000 00463nam a2200193Ia 4500
005 20240823012909.0
008 240823s9999||||xx |||||||||||||| ||und||
020 _a0-07-052905-1
041 _aENGLISH
082 _A537.622 P3
100 _a"Neaman,Donald A"
245 0 _aSemiconductor Physics and Devices
250 _a3rd
260 _c2003
_bTMH New D
500 _aTRANSFERED
650 _aPhysics
_bInstrumentation
942 _cBK
999 _c165702
_d165702